<?xml version="1.0" encoding="UTF-8"?>
<collection xmlns="http://www.loc.gov/MARC21/slim">
 <record>
  <leader>02094aam a22002658a 4500</leader>
  <controlfield tag="001">NCT_18944</controlfield>
  <controlfield tag="008">150409s2015                  ||||||viesd</controlfield>
  <datafield tag="999" ind1=" " ind2=" ">
   <subfield code="c">896</subfield>
   <subfield code="d">896</subfield>
  </datafield>
  <datafield tag="020" ind1=" " ind2=" ">
   <subfield code="a">9786047328307</subfield>
   <subfield code="c">260000</subfield>
  </datafield>
  <datafield tag="082" ind1="0" ind2="4">
   <subfield code="2">23rd ed.</subfield>
   <subfield code="a">363.7</subfield>
   <subfield code="b">N104</subfield>
  </datafield>
  <datafield tag="100" ind1="1" ind2=" ">
   <subfield code="a">Lê Huy Bá</subfield>
   <subfield code="e">Chủ biên</subfield>
  </datafield>
  <datafield tag="245" ind1="0" ind2="0">
   <subfield code="a">Độc học môi trường</subfield>
   <subfield code="b">(Phần Chuyên đề)</subfield>
   <subfield code="c">Lê Huy Bá (chủ biên)</subfield>
  </datafield>
  <datafield tag="260" ind1=" " ind2=" ">
   <subfield code="a">Tp. Hồ Chí Minh</subfield>
   <subfield code="b">Nxb. Đại học Quốc gia Tp. Hồ Chí Minh</subfield>
   <subfield code="c">2015</subfield>
  </datafield>
  <datafield tag="300" ind1=" " ind2=" ">
   <subfield code="a">xvi, 923tr.</subfield>
   <subfield code="b">minh hoạ</subfield>
   <subfield code="c">24cm</subfield>
  </datafield>
  <datafield tag="520" ind1="3" ind2=" ">
   <subfield code="a">Giới thiệu tổng quát về độc học môi trường, những loại độc chất điển hình và phổ biến nhất trong môi trường, từ chất thải công nghiệp, sinh hoạt đô thị, khu dân cư hay do lối sống hàng ngày thiếu khoa học của con người như: Dioxin, thuốc bảo vệ thực vật, dicami, chì, arsen, thuỷ ngân....Nghiên cứu sự ảnh hưởng của kim loại nặng đến quá trình sinh trưởng của thực vật; mô hình quản lí sự cố độc hại môi trường</subfield>
  </datafield>
  <datafield tag="700" ind1="1" ind2=" ">
   <subfield code="a">Nguyễn Thị Phương Uyên</subfield>
  </datafield>
  <datafield tag="700" ind1="1" ind2=" ">
   <subfield code="a">Nguyễn Thị Hồng Thuỵ</subfield>
  </datafield>
  <datafield tag="700" ind1="1" ind2=" ">
   <subfield code="a">Thái Văn Nam</subfield>
  </datafield>
  <datafield tag="700" ind1="1" ind2=" ">
   <subfield code="a">Đỗ Thị Kim Chi</subfield>
  </datafield>
  <datafield tag="942" ind1=" " ind2=" ">
   <subfield code="2">ddc</subfield>
   <subfield code="c">BK</subfield>
  </datafield>
  <datafield tag="952" ind1=" " ind2=" ">
   <subfield code="0">0</subfield>
   <subfield code="1">0</subfield>
   <subfield code="2">ddc</subfield>
   <subfield code="4">0</subfield>
   <subfield code="6">363_700000000000000_N104</subfield>
   <subfield code="7">0</subfield>
   <subfield code="9">5442</subfield>
   <subfield code="a">000001</subfield>
   <subfield code="b">000001</subfield>
   <subfield code="d">2017-12-04</subfield>
   <subfield code="l">3</subfield>
   <subfield code="o">363.7 N104</subfield>
   <subfield code="p">MD.03715</subfield>
   <subfield code="r">2019-11-11</subfield>
   <subfield code="s">2019-11-08</subfield>
   <subfield code="v">260000.00</subfield>
   <subfield code="w">2017-12-04</subfield>
   <subfield code="y">BK</subfield>
  </datafield>
  <datafield tag="952" ind1=" " ind2=" ">
   <subfield code="0">0</subfield>
   <subfield code="1">0</subfield>
   <subfield code="2">ddc</subfield>
   <subfield code="4">0</subfield>
   <subfield code="6">363_700000000000000_N104</subfield>
   <subfield code="7">0</subfield>
   <subfield code="9">5443</subfield>
   <subfield code="a">000001</subfield>
   <subfield code="b">000001</subfield>
   <subfield code="d">2017-12-04</subfield>
   <subfield code="l">3</subfield>
   <subfield code="m">1</subfield>
   <subfield code="o">363.7 N104</subfield>
   <subfield code="p">MD.03716</subfield>
   <subfield code="r">2019-11-20</subfield>
   <subfield code="s">2019-11-06</subfield>
   <subfield code="v">260000.00</subfield>
   <subfield code="w">2017-12-04</subfield>
   <subfield code="y">BK</subfield>
  </datafield>
  <datafield tag="952" ind1=" " ind2=" ">
   <subfield code="0">0</subfield>
   <subfield code="1">0</subfield>
   <subfield code="2">ddc</subfield>
   <subfield code="4">0</subfield>
   <subfield code="6">363_700000000000000_N104</subfield>
   <subfield code="7">0</subfield>
   <subfield code="9">5444</subfield>
   <subfield code="a">000001</subfield>
   <subfield code="b">000001</subfield>
   <subfield code="d">2017-12-04</subfield>
   <subfield code="o">363.7 N104</subfield>
   <subfield code="p">MD.03717</subfield>
   <subfield code="r">2017-12-04</subfield>
   <subfield code="v">260000.00</subfield>
   <subfield code="w">2017-12-04</subfield>
   <subfield code="y">BK</subfield>
  </datafield>
  <datafield tag="952" ind1=" " ind2=" ">
   <subfield code="0">0</subfield>
   <subfield code="1">0</subfield>
   <subfield code="2">ddc</subfield>
   <subfield code="4">0</subfield>
   <subfield code="6">363_700000000000000_N104</subfield>
   <subfield code="7">0</subfield>
   <subfield code="9">5445</subfield>
   <subfield code="a">000001</subfield>
   <subfield code="b">000001</subfield>
   <subfield code="d">2017-12-04</subfield>
   <subfield code="l">3</subfield>
   <subfield code="o">363.7 N104</subfield>
   <subfield code="p">MD.09094</subfield>
   <subfield code="r">2020-03-05</subfield>
   <subfield code="s">2019-11-08</subfield>
   <subfield code="v">260000.00</subfield>
   <subfield code="w">2017-12-04</subfield>
   <subfield code="y">BK</subfield>
  </datafield>
  <datafield tag="980" ind1=" " ind2=" ">
   <subfield code="a">Thư viện Trường Đại học Nam Cần Thơ</subfield>
  </datafield>
 </record>
</collection>
